000
00306nam a22001337a 4500
008
170727b xxu||||| |||| 00| 0 eng d
020
_a
1881228959
041
_a
eng
080
_a
004
100
_a
31
101
_a
SHK
245
_a
STATA GRAPHICS REFERENCE MANUAL RELEASE 9
_c
YONKERS
942
_2
udc
_c
BK
999
_c
22045
_d
22045